| 000 | 00541nam a22001937a 4500 | ||
|---|---|---|---|
| 003 | NUST - PNEC | ||
| 005 | 20170116180759.0 | ||
| 008 | 150410b xxu||||| |||| 00| 0 eng d | ||
| 020 | _a- | ||
| 040 | _cLIBRARY | ||
| 082 | _a953.02 NUM | ||
| 100 |
_92328 _aNumani Shibli, Allama |
||
| 245 |
_aOmar the great : ( the second chliph of islam ) _cAllama Shibli Numani |
||
| 250 | _a- | ||
| 260 |
_aLahore, Pakistan _bSH.Muhammad Ashraf _cc1939. |
||
| 300 |
_a295 p. : _c21 cm. |
||
| 650 |
_92332 _aIslam, Caliph _xGeneral |
||
| 942 |
_2ddc _cBK |
||
| 999 |
_c62864 _d62864 |
||